01195nam a2200301Ia 4500001001200000003000800012006001900020007001500039008004100054020001800095020001500113040002100128035002100149050002300170245006900193260003000262300003100292490005900323504002900382533015200411650005200563650004000615655002900655700004300684700002300727710001700750856012600767ebr10194309CaPaEBRm u cr cn|||||||||871027s1983 enkab sb 000 0 eng d z9780816611713 z0582301246 aCaPaEBRcCaPaEBR a(OCoLC)64766540314aQE696b.L29 1983eb04aThe Holoceneh[electronic resource] /cH.E. Wright, Jr., editor. aLondon :bLongman,c1983. axiv, 407 p. :bill., maps.0 aLate-Quaternary environments of the United States ;v2 aIncludes bibliographies. aElectronic reproduction.bPalo Alto, Calif. :cebrary,d2009.nAvailable via World Wide Web.nAccess may be limited to ebrary affiliated libraries. 0aGeology, StratigraphicyQuaternaryvCongresses. 0aGeologyzUnited StatesvCongresses. 7aElectronic books.2local1 aWright, H. E.q(Herbert Edgar),d1917-1 aPorter, Stephen C.2 aebrary, Inc.40uhttp://site.ebrary.com/lib/rucke/Doc?id=10194309zAn electronic book accessible through the World Wide Web; click to view